[Event "Berlin-ch Seniors op 26th"]
[Site "Berlin"]
[Date "2010.02.16"]
[Round "8"]
[White "Strehlow, Horst"]
[Black "Schulz, Wolfgang"]
[Result "1-0"]
[WhiteElo "1899"]
[BlackElo "2052"]
[PlyCount "67"]
[EventDate "2010.02.09"]
[EventType "swiss"]
[EventRounds "9"]
[EventCountry "GER"]
[SourceTitle "EXT 2012"]
[Source "ChessBase"]
[SourceDate "2011.11.24"]
[SourceVersion "1"]
[SourceVersionDate "2011.11.24"]
[SourceQuality "1"]

1. e4 g6 2. d4 Bg7 3. Nc3 d6 4. f4 a6 5. Nf3 b5 6. Bd3 Nd7 7. e5 e6 8. Ne4 dxe5 9. dxe5 Bb7 10. 0-0 Ne7 11. Qe2 0-0 12. Bd2 Qb8 13. Rad1 Rd8 14. Qf2 h5 15. Neg5 c5 16. Ba5 Nc6 17. Bxd8 Qxd8 18. Bxg6 fxg6 19. Nxe6 Qe7 20. Nxg7 Kxg7 21. Rd6 Rc8 22. Nh4 Ncxe5 23. fxe5 Nxe5 24. Qf6+ Qxf6 25. Rfxf6 Be4 26. Rxa6 Bxc2 27. Rfe6 Ng4 28. h3 Nh6 29. Nxg6 Nf7 30. Nf4 h4 31. Ng6 c4 32. Nxh4 b4 33. Rac6 Rh8 34. Rxc4 1-0

[Event "Berlin-ch Seniors op 26th"]
[Site "Berlin"]
[Date "2010.02.12"]
[Round "4"]
[White "Strehlow, Horst"]
[Black "Herrmann, Eberhard"]
[Result "1-0"]
[WhiteElo "1899"]
[BlackElo "1710"]
[PlyCount "129"]
[EventDate "2010.02.09"]
[EventType "swiss"]
[EventRounds "9"]
[EventCountry "GER"]
[SourceTitle "EXT 2012"]
[Source "ChessBase"]
[SourceDate "2011.11.24"]
[SourceVersion "1"]
[SourceVersionDate "2011.11.24"]
[SourceQuality "1"]

1. e4 c5 2. Nf3 Nc6 3. d4 cxd4 4. Nxd4 d6 5. Nc3 e5 6. Nde2 Nf6 7. Bg5 h6 8. Bxf6 Qxf6 9. Nd5 Qd8 10. Nec3 a6 11. a4 Be7 12. Nxe7 Qxe7 13. Nd5 Qd8 14. Bd3 0-0 15. 0-0 Be6 16. Ne3 Qb6 17. b3 Ne7 18. Qf3 Qc6 19. Rad1 Rad8 20. Qg3 Qd7 21. Bc4 Ng6 22. Bxe6 Qxe6 23. Nd5 Kh7 24. Qd3 f5 25. exf5 Qxf5 26. Qxf5 Rxf5 27. g3 Rff8 28. Rd3 Rfe8 29. Rfd1 Re6 30. Rc3 Nf8 31. Rc7 Rd7 32. Rc8 Rf7 33. Rd3 Nd7 34. Rc7 Kg8 35. Rxb7 Nc5 36. Rb8+ Kh7 37. Re3 g5 38. a5 e4 39. b4 Na4 40. c4 Re5 41. Nc3 Nb2 42. Rxe4 Rxe4 43. Nxe4 Nxc4 44. Rc8 Ne5 45. Nxd6 Rd7 46. Ne8 Rd4 47. Rc5 Nf3+ 48. Kg2 g4 49. Nf6+ Kg7 50. Nxg4 Nh4+ 51. Kh3 Nf3 52. Ne5 Ng5+ 53. Kg2 Rxb4 54. Nd3 Rb3 55. Rc7+ Kg8 56. f4 Nf7 57. Nc5 Rb5 58. Nb7 h5 59. Kh3 Rb2 60. Nc5 Rb5 61. Nxa6 Rxa5 62. Nc5 Ra2 63. Ne4 Ra6 64. Rc5 Rh6 65. Kh4 1-0

[Event "Berlin-ch Seniors op 26th"]
[Site "Berlin"]
[Date "2010.02.10"]
[Round "2"]
[White "Strehlow, Horst"]
[Black "Kohlmeyer, Dagobert"]
[Result "0-1"]
[WhiteElo "1899"]
[BlackElo "1720"]
[PlyCount "40"]
[EventDate "2010.02.09"]
[EventType "swiss"]
[EventRounds "9"]
[EventCountry "GER"]
[SourceTitle "EXT 2012"]
[Source "ChessBase"]
[SourceDate "2011.11.24"]
[SourceVersion "1"]
[SourceVersionDate "2011.11.24"]
[SourceQuality "1"]

1. c4 Nf6 2. Nc3 d5 3. cxd5 Nxd5 4. d4 g6 5. e4 Nxc3 6. bxc3 Bg7 7. Be3 c5 8. Nf3 Nc6 9. Bc4 0-0 10. Rb1 cxd4 11. cxd4 Na5 12. Be2 a6 13. h4 Bg4 14. h5 b5 15. hxg6 fxg6 16. Ng5 Bxe2 17. Qxe2 Nc4 18. Ne6 Qa5+ 19. Kf1 Nxe3+ 20. Qxe3 Qxa2 0-1